00493nam a2200169Ia 450000500170000000800410001702000180005808200130007610000180008924500340010726000390014130000130018065000100019394200060020395200990020999900150030820250325041440.0240331s9999 xx 000 0 und d a9788189912949 bMUTa894 aMuttulingam,A 0aUnami kalantha naatkurippukal aChennaibUyirmai Pathippagamc2008 a287 p ., aNovel cL 001040708LaWERCLbWERCLcSSCd2024-03-31l0o 894.811 MUTp6417r2024-03-31w2024-03-31yL c4289d4289